000 00502nam a22001812 4500
001 0000004300
005 20170406115722.0
008 140908s xx 000 0 eng d
020 _c$
040 _aYour Holding Symbol
_cYour Holding Symbol
100 1 _aMAcCulloch,Diamond.
245 1 4 _aThe book of common prayer.
250 _a ed.
260 _alondon :
_bEveryman;s library,
_c1999.
300 _a528 p. ;
_c cm.
650 0 _aamerican literature.
908 _a140908
999 _c4133
_d4133